000
00269nam a2200109 a 4500
005
20140414131908.0
008
101006s19uu xx 00 eng d
050
_a
ER
_b
B48 2001
245
_a
Big nose.
260
_a
Singapore :
_b
Early Childhood,
_c
2001.
999
_c
111052
_d
111052